000 00706nam a2200289Ia 4500
005 20260324132331.0
008 008 260324s9999 xx 000 0 eng d
020 _a9780203987216
037 _aEBOOK
040 _aCRL
040 _beng
040 _cCRL
041 _2eng
041 _aeng
084 _qCRL
100 _aSadao Tamura; Minoru Tokita
_91188885
245 0 _aSymbiosis of Government and Market
245 4 _bThe Private, the Public and Bureaucracy
260 _bTaylor and Francis
260 _c2004
365 _a
365 _b315
856 _uhttp://www.taylorfrancis.com/books/9780203987216
942 _cEBOOK
999 _c1786910
_d1786910